00586nam a2200193Ia 4500003000900000008004100009020001800050040001600068080001600084100002200100245010000122260004000222300001400262490003700276650004100313650000900354650001800363650001100381IN-BaIIA211028s9999 xx 000 0 eng d a0-7503-0209-7 cIIA Library a524.57bWHI aWhittet, D. C. B. 0aDust in the galactic environmentcD. C. B. Whittet  aBristolbInstitute of Physicsc1992 axi, 295p. aThe graduate series in astronomy aAstronomy and astrophysics thesaurus aDust aGalactic dust aGalaxy